El pequeño lord / (Registro nro. 11744)

Detalles MARC
000 -LIDER
fixed length control field 00720nam a22002537a 4500
001 - NÚMERO DE CONTROL
Identificador de número de control 0011705
003 - IDENTIFICACDOR DE NÚMERO DE CONTROL
control field DO-SdBNP
005 - DATE AND TIME OF LATEST TRANSACTION
control field 20180201143600.0
007 - CAMPOS FIJOS DE DESCRIPCIÓN FÍSICA
fixed length control field 0011705
008 - ELEMENTOS DE LONGITUD FIJA
fixed length control field 161101b 1977 sp ||| 00| 0 spa d
020 ## - ISBN
International Standard Book Number 8471890968
040 ## - FUENTE DE CATALOGACIÓN
Agencia que crea de manera original el registro BPMSU
Idioma de catalogación spa
Agencia que realiza la transcripción BPMSU
082 ## - NÚMERO DE CLASIFICACIÓN DECIMAL DE DEWEY
Classification number xxxxxxxx
Item number xxxxxxxx
100 1# - ASIENTO PRINCIPAL -- NOMBRE PERSONAL
Nombre personal Hodgson Burnett, Frances
245 13 - MENCIÓN DE TITULO
Título El pequeño lord /
Mención de responsabilidad Frances Hodgson Burnett ; traductor José Félix
260 ## - PUBLICACIÓN, DISTRIBUCIÓN, ETC. (PIE DE IMPRENTA)
Lugar de publicación, distribución, etc Madrid :
Nombre del editor, distribuidor, etc. Edival,
Fecha de publicación, distribución, etc 199?.
300 ## - DESCRIPCIÓN FÍSICA
Extensión 203 p. :
Dimensiones 25 cm.
490 1# - MENCIÓN DE SERIES
Mención de serie Clásicos de la juventud
700 1# - ASIENTO SECUNDARIO -- NOMBRE PERSONAL
Nombre personal Félix, José,
Mención de responsabilidad tr.
830 #0 - ASIENTO SECUNDARIO DE SERIE--TÍTULO UNIFORME
Título uniforme Clásicos de la juventud
942 ## - ADDED ENTRY ELEMENTS (KOHA)
Source of classification or shelving scheme Dewey Decimal Classification
Koha item type Libros
945 ## - INFORMACIÓN DE PROCESAMIENTO LOCAL
Información de procesamiento local Inventariado, 2018/ YL
956 ## - LOCAL ELECTRONIC LOCATION AND ACCESS (OCLC)
Nombre de host BTAVÁREZ
Número de acceso 10
Información de compresión 20161101
Trayectoria 0011705
Existencias
Withdrawn status Lost status Source of classification or shelving scheme Damaged status Not for loan Collection code Home library Current library Date acquired Source of acquisition Total Checkouts Full call number Barcode Date last seen Price effective from Koha item type
    Dewey Decimal Classification     Colección Juvenil General Biblioteca Pública Metropolitana Salomé Ureña Biblioteca Pública Metropolitana Salomé Ureña 11/01/2016 Donación   xxxxxxxx xxxxxxxx BPMSU16110010 11/01/2016 11/01/2016 Libros